| 000 | 00666nam a2200229 4500 | ||
|---|---|---|---|
| 001 | 117207 | ||
| 003 | ES-MaACL | ||
| 005 | 20230906190840.0 | ||
| 007 | t| | ||
| 008 | 070301s1986 sp r ||||1| spa d | ||
| 020 | _a84-254-1517-9 | ||
| 100 | 1 |
_aPastor Ramos, Gerardo. _989521 |
|
| 245 | 1 | 0 |
_aIdeologías _b: su medición psicológica / _cGerardo Pastor Ramos. |
| 260 |
_aBarcelona : _bHerder, _c1986. |
||
| 300 |
_a304 p. ; _c25 cm. |
||
| 490 | 1 |
_aBiblioteca de psicología ; _v16 |
|
| 500 | _aIndice. | ||
| 504 | _aBibliografía. | ||
| 830 | 0 |
_aBiblioteca de psicología ; _v16 _9180745 |
|
| 852 |
_aES-MaACL _jL-10171 _bR.112062 |
||
| 999 |
_c117207 _d117207 |
||